000 01011naa a22002897a 4500
001 BR9406590
003 BR-BrBNA
005 20240918181256.0
007 ta
008 230509b bl.||||| |||| 00| 0 por d
040 _aBR-BrBNA
_bpor
_cBiblioteca Nacional de Agricultura
041 _a(Pt)
072 _aF04
_b0180
_b0336
090 _aF04 BR9406590
100 1 _aLanzer, E.A.
100 1 _aParis, Q.
245 1 _aControle otimo de estoque de fertilidade quimica do solo para a sucessao trigo-soja no Rio Grande do Sul
260 3 _aBrasilia, DF (Brasil):
_c1986.
500 _aPlanejamento da propriedade agricola, modelos de decisao Brasilia, DF (Brasil): 1986. p. 207-236 (BR9406590-AM)F04
650 _aTrigo
650 _aSoja
650 _aFertilidade do Solo
650 _aRio Grande do Sul
773 0 _tPlanejamento da propriedade agricola, modelos de decisao
_wF04 BR9406590
_gBrasilia, DF (Brasil), 1986. p. 207-236
909 _a202404
_bLucia
_c55
_dLucia Elande
942 _cAM
_2AGRIS
999 _c324498
_d324498